000 00658nam a22001937a 4500
005 20130821154033.0
010 _aENG-107824
020 _a9788192157979
_c295.00
035 _aEN-91357
037 _bDBAD/PUB
082 _a658.3
100 _aPanda, Sitansu
245 _aCases In human resource management /
_cby Sitansu Panda [and] S.F. Chandra Sekhar
260 _aHyderabad
_bParamount Publishing House
_c2012
270 _a3-5-1105, 2nd floor, PVR Estates, behind Hero Honda showroom, Narayanaguda
_bHyderabad
_e500029
300 _aiii,322p. :
_c24cm(pbk)
_bill.
700 _aChandra Sekhar, S.F.
942 _2ddc
_cEN
_mPAN
_h658.3
999 _c77216
_d77216